Statistics for World Capitals with the Most Neighbors within 1,000 Kilometers

Click here to take the quiz!

General Stats

  • This quiz has been taken 155 times
  • The average score is 12 of 16

Answer Stats

#Capital City% Correct
21Berlin
87%
26Budapest
87%
27Vienna
87%
23Rome
85%
23Zagreb
83%
21Belgrade
80%
28Bratislava
80%
25Prague
78%
23Sarajevo
76%
25Ljubljana
73%
22Vaduz
69%
25San Marino
68%
23Vatican City
66%
22Podgorica
65%
21Monaco
56%
20Luxembourg
55%

Score Distribution

Percentile by Number Answered

Percent of People with Each Score

Your Score History

You have not taken this quiz